00940cam a22002533a 45000010005000000030006000050050017000110080041000280400015000690420007000840500006000911000059000972450183001562600029003395060030003685160020003986530075004186530024004938300028005178560041005459420007005869990019005939520074006126631PGUSA20140828083135.0041001s2004||||xxu|||||s|||||000 | eng d aPGUSAbeng adc 4aN1 aPerry, Stella G. S.q(Stella George Stern),d1877-195614aThe Sculpture and Mural Decorations of the Exposition :bA Pictorial Survey of the Art of the Panama-Pacific international expositionh[electronic resource] /cStella G. S. Perry bProject Gutenberg,c2004 aPublic domain in the USA. aElectronic text aPanama-Pacific International Exposition (1915 : San Francisco, Calif.) aSculpture, American 0aProject Gutenbergv663140uhttp://www.gutenberg.org/ebooks/6631 cEB c235951d235951 001040aGTBbGTBd2014-08-28l0r2014-08-28 00:00:00w2014-08-28yEB